00372nam a2200121 a 450000500170000000800410001705000230005810000200008124500360010126000690013765000220020665000220022820140414132104.0100823s19uu xx 00 eng d aTR 268.6bK74 2006 aKnight, Lizette aA 2 Z Creative teaching mehods. aManila, Philippines :bChristian Strenghthening Ministry,c2006. aCreative teaching aTeaching strategy